Рескрипт Екатерины II Ивану Ивановичу Бецкому об оставлении у генерал-майора Мордвинова "путиловских каменщиков", которые заняты...

Доступно только в Электронных читальных залах Найти на картеНа карте
RUSMARC
00003779nmc2a22002533x 450
001a63c3a77-700a-43ac-ac54-b1e15d501fbc
00520231130130457.0
100##$a20230516l17731773k l0rusy0189 ca
1010#$arus
102##$aRU
105##$ay###
1220#$ad
2001#$aРескрипт Екатерины II Ивану Ивановичу Бецкому об оставлении у генерал-майора Мордвинова "путиловских каменщиков", которые заняты спешной работой
$j11 января 1773 г.
215##$a2 л.
$d36,5х26 см
251##$cДело
300##$aРазное
300##$aОпубликован "Русский архив", 1875 год, №8, с. 491
371##$aДокумент не является опубликованным и широко распространяемым
461#0$100198b93a77-94f0-46bb-a7e0-b5027cc72a67
$12001
$aШереметевы, графы
$1251
$cФонд
$1852
$j1088
462#0$1001d3ce280e-361b-49f4-86d2-e1a120f828b4
$12001
$aЛичные документы, переписка и документы, связанные со служебной и общественной деятельностью графов Бориса Петровича, Петра Борисовича, Николая Петровича и Дмитрия Шереметевых
$1251
$cОпись
$1852
$j1
801#0$aRU
$bРГИА
$c20230516
$gRCR
801#1$aRU
$bГлавНИВЦ
$c20230516
$2rusmarc
801#2$aRU
$bПБ им. Б.Н. Ельцина
$c20231130
$gRCR
$2rusmarc
850##$aРГИА
852##$aРГИА
$eФедеральное казенное учреждение "Российский государственный исторический архив" (РГИА)
$j865
937##$hРГИА
$d12399873
$aASBIBLIO_SCAN
035##$aRusGRCC00063740
856##$uhttp://readingroom.main.prlib.ru/item.aspx?id_node=n189332207&mode=full
Формат отображения